[Event "Titled Tuesday intern op 23rd Jan Late"]
[Site "Chess.com INT"]
[Date "2024.01.23"]
[Round "7"]
[White "Kappeler, Kaspar"]
[Black "Goncalves, Samuel Jesus P"]
[Result "0-1"]
[WhiteElo "2169"]
[BlackElo "2208"]
[PlyCount "62"]
[EventDate "2024.01.23"]
[EventType "swiss (blitz)"]
[EventRounds "11"]
[EventCountry "USA"]
[SourceTitle "CB05_2024"]
[SourceDate "2024.01.31"]
[SourceVersion "1"]
[SourceVersionDate "2024.01.31"]
[SourceQuality "1"]

1. c4 Nf6 2. Nf3 b6 3. Nc3 Bb7 4. g3 e6 5. Bg2 c5 6. 0-0 Be7 7. d4 cxd4 8. Qxd4 Nc6 9. Qf4 0-0 10. b3 Qb8 11. Qd2 Rd8 12. e4 Bb4 13. Re1 d5 14. exd5 exd5 15. a3 Ne4 16. Qc2 Bxc3 17. cxd5 Ne5 18. Nxe5 Bxe5 19. Bb2 Bxb2 20. Qxb2 Nf6 21. d6 Bxg2 22. Kxg2 Qxd6 23. Rad1 Qc6+ 24. Kg1 h6 25. Qe5 Qf3 26. Rxd8+ Rxd8 27. Qe7 Rd1 28. Rxd1 Qxd1+ 29. Kg2 Qxb3 30. Qd8+ Kh7 31. Qe7 Qd5+ 0-1

[Event "Titled Tuesday intern op 24th Oct Late"]
[Site "Chess.com INT"]
[Date "2023.10.24"]
[Round "10"]
[White "Escudero Donoso, Felipe"]
[Black "Kappeler, Kaspar"]
[Result "1-0"]
[WhiteElo "2055"]
[BlackElo "2177"]
[PlyCount "101"]
[EventDate "2023.10.24"]
[EventType "swiss (blitz)"]
[EventRounds "11"]
[EventCountry "USA"]
[SourceTitle "Mega2024 Update 01"]
[Source "Chessbase"]
[SourceDate "2023.11.12"]
[SourceVersion "1"]
[SourceVersionDate "2023.11.12"]
[SourceQuality "1"]

1. d4 d5 2. c4 e6 3. Nc3 Nf6 4. cxd5 Nxd5 5. e4 Nxc3 6. bxc3 c5 7. Rb1 Nc6 8. Nf3 Be7 9. d5 exd5 10. exd5 Na5 11. Bb5+ Bd7 12. Qa4 b6 13. 0-0 Bxb5 14. Qxb5+ Qd7 15. Qd3 0-0 16. c4 Bf6 17. Bg5 Qd6 18. Rfe1 Rfe8 19. h3 Rad8 20. g3 Nb7 21. Kg2 Bxg5 22. Nxg5 Qg6 23. Ne4 Nd6 24. f3 h5 25. Rbd1 Nf5 26. g4 hxg4 27. hxg4 Nd6 28. Nxd6 Qxd6 29. Re4 g6 30. Rde1 Rxe4 31. Qxe4 Kg7 32. a4 Rh8 33. Qe5+ Qxe5 34. Rxe5 Kf6 35. f4 Rd8 36. g5+ Kg7 37. Re7 a6 38. Rb7 Rd6 39. Kf3 Kf8 40. Ke4 Ke8 41. Ke5 Rd7 42. Rxb6 Re7+ 43. Kd6 Rd7+ 44. Kxc5 Ke7 45. Kd4 Rc7 46. Rxa6 Rb7 47. c5 Rb4+ 48. Ke5 Rb1 49. Ra7+ Kf8 50. c6 Re1+ 51. Kf6 1-0

[Event "Titled Tuesday intern op 24th Oct Late"]
[Site "Chess.com INT"]
[Date "2023.10.24"]
[Round "1"]
[White "Kappeler, Kaspar"]
[Black "Volkov, Maksim"]
[Result "0-1"]
[WhiteElo "2177"]
[BlackElo "2260"]
[PlyCount "44"]
[EventDate "2023.10.24"]
[EventType "swiss (blitz)"]
[EventRounds "11"]
[EventCountry "USA"]
[SourceTitle "Mega2024 Update 01"]
[Source "Chessbase"]
[SourceDate "2023.11.12"]
[SourceVersion "1"]
[SourceVersionDate "2023.11.12"]
[SourceQuality "1"]

1. d4 d5 2. c4 e6 3. Nf3 Nf6 4. g3 Bb4+ 5. Bd2 Be7 6. Bg2 0-0 7. 0-0 c6 8. Na3 Nbd7 9. Rc1 a5 10. Bf4 Ne4 11. Nd2 f5 12. Qb3 g5 13. Nxe4 gxf4 14. Nd2 Bg5 15. gxf4 Bxf4 16. e3 Bd6 17. Kh1 Kh8 18. Rg1 Qh4 19. f4 Nf6 20. Nf3 Qh6 21. Nc2 Ne4 22. Rcf1 Ng3# 0-1

[Event "Titled Tuesday intern op 24th Oct Late"]
[Site "Chess.com INT"]
[Date "2023.10.24"]
[Round "11"]
[White "Kappeler, Kaspar"]
[Black "Yushko, Olga"]
[Result "1-0"]
[WhiteElo "2177"]
[BlackElo "2064"]
[PlyCount "55"]
[EventDate "2023.10.24"]
[EventType "swiss (blitz)"]
[EventRounds "11"]
[EventCountry "USA"]
[SourceTitle "Mega2024 Update 01"]
[Source "Chessbase"]
[SourceDate "2023.11.12"]
[SourceVersion "1"]
[SourceVersionDate "2023.11.12"]
[SourceQuality "1"]

1. d4 e6 2. c4 f5 3. Nf3 Nf6 4. g3 d6 5. Bg2 Be7 6. 0-0 0-0 7. Nc3 Qe8 8. b3 Nc6 9. Bb2 Bd7 10. Qc2 Qg6 11. d5 Nb4 12. Qd2 e5 13. Nb5 Na6 14. Rac1 Ne4 15. Qa5 Bd8 16. Qe1 c6 17. dxc6 bxc6 18. Nc3 Nac5 19. Nxe4 Nxe4 20. Nd2 Nxd2 21. Qxd2 Be7 22. Rfd1 Rad8 23. Qa5 f4 24. Qxa7 h5 25. Qc7 h4 26. gxh4 Bh3 27. Qxc6 d5 28. Qxg6 1-0

[Event "SUI-ch Rapid"]
[Site "Biel"]
[Date "2023.07.30"]
[Round "1"]
[White "Kappeler, Kaspar"]
[Black "Matsuo, Tom"]
[Result "1-0"]
[WhiteElo "2190"]
[BlackElo "1709"]
[PlyCount "103"]
[EventDate "2023.07.30"]
[EventType "swiss (rapid)"]
[EventRounds "9"]
[EventCountry "SUI"]
[SourceTitle "CBM 215 Extra"]
[Source "ChessBase"]
[SourceDate "2023.09.30"]
[SourceVersion "1"]
[SourceVersionDate "2023.09.30"]
[SourceQuality "1"]

1. d4 Nf6 2. c4 g6 3. Nc3 Bg7 4. e4 d6 5. Nf3 0-0 6. Be2 Nbd7 7. 0-0 e5 8. Re1 c6 9. Bf1 Qc7 10. d5 Rd8 11. Rb1 a5 12. a3 c5 13. h3 Nb6 14. b3 Qe7 15. Be3 Nbd7 16. Nd2 Nh5 17. g3 Ndf6 18. Kh2 Qf8 19. b4 axb4 20. axb4 b6 21. Na4 Nd7 22. Be2 Nhf6 23. Bg5 h6 24. Be3 Ne8 25. Rf1 f5 26. f4 exf4 27. Bxf4 Ne5 28. Nxb6 Ra3 29. bxc5 g5 30. Bxe5 Bxe5 31. Rb3 Ra2 32. Nf3 f4 33. g4 Ba6 34. Nxe5 dxe5 35. d6 Nxd6 36. cxd6 Rxd6 37. Nd5 Bxc4 38. Rf2 Bxd5 39. exd5 e4 40. Qb1 Ra4 41. Rb8 Rd8 42. Rxd8 Qxd8 43. Qb3 Ra1 44. d6+ Kh7 45. Qd5 f3 46. Qxe4+ Kg7 47. Qe5+ Qf6 48. Qxf6+ Kxf6 49. Rxf3+ Ke6 50. Rd3 Ra2 51. d7 Rxe2+ 52. Kg3 1-0

[Event "SUI-chT"]
[Site "Switzerland"]
[Date "2018.06.10"]
[Round "4.7"]
[White "Kappeler, Kaspar"]
[Black "Schmidt Schaeffer, Sebastian"]
[Result "1/2-1/2"]
[WhiteElo "2265"]
[BlackElo "2337"]
[PlyCount "105"]
[EventDate "2018.03.25"]
[EventType "team-tourn"]
[EventRounds "9"]
[EventCountry "SUI"]
[SourceTitle "EXT 2019"]
[Source "ChessBase"]
[SourceDate "2018.10.10"]
[SourceVersion "1"]
[SourceVersionDate "2018.10.10"]
[SourceQuality "1"]
[WhiteTeam "Reti"]
[BlackTeam "Riehen"]
[WhiteTeamCountry "SUI"]
[BlackTeamCountry "SUI"]

1. d4 f5 2. Nf3 Nf6 3. g3 e6 4. Bg2 d5 5. 0-0 Bd6 6. c4 c6 7. Nc3 0-0 8. Rb1 Nbd7 9. Qc2 Qe7 10. Bg5 h6 11. Bf4 Bxf4 12. gxf4 dxc4 13. a4 Nd5 14. e3 b6 15. Kh1 Bb7 16. Qe2 Ba6 17. Rg1 Rad8 18. Ne5 Nxe5 19. fxe5 Nb4 20. Qh5 Qg5 21. Qe2 Qh4 22. Bf3 c5 23. dxc5 bxc5 24. Rg6 Nd3 25. Rxe6 Bc8 26. Rd6 Nxe5 27. Bd5+ Kh7 28. Rxd8 Rxd8 29. f3 Nd3 30. Rf1 Rd6 31. e4 Nf4 32. Qe3 Rg6 33. Rg1 Rxg1+ 34. Qxg1 Qh3 35. Qf2 Nd3 36. Qe2 fxe4 37. Bxc4 Nf4 38. Qxe4+ Qf5 39. Kg1 Kg6 40. Kf2 Qxe4 41. Nxe4 Be6 42. Ke3 Kf5 43. Bf1 Nd5+ 44. Kf2 Ke5 45. Nxc5 Bf5 46. Bb5 Kd4 47. Nb3+ Ke5 48. Na5 Kd6 49. Nb7+ Kc7 50. Nc5 Kb6 51. Ne4 Ka5 52. Ke2 Kb4 53. Kd2 1/2-1/2

[Event "Karlsruhe Grenke op"]
[Site "Karlsruhe"]
[Date "2018.03.30"]
[Round "2"]
[White "Bernadskiy, Vitaliy"]
[Black "Kappeler, Kaspar"]
[Result "1-0"]
[WhiteElo "2588"]
[BlackElo "2265"]
[PlyCount "79"]
[EventDate "2018.03.29"]
[EventType "swiss"]
[EventRounds "9"]
[EventCountry "GER"]
[SourceTitle "CBM 183 Extra"]
[Source "ChessBase"]
[SourceDate "2018.04.19"]
[SourceVersion "1"]
[SourceVersionDate "2018.04.19"]
[SourceQuality "1"]

1. Nf3 Nf6 2. g3 g6 3. b3 Bg7 4. Bb2 0-0 5. Bg2 d6 6. d4 c5 7. c4 Nc6 8. d5 Na5 9. 0-0 a6 10. Nbd2 b5 11. Qc2 Rb8 12. Rab1 e5 13. dxe6 fxe6 14. Ng5 bxc4 15. bxc4 Rxb2 16. Rxb2 Ng4 17. Nge4 Bxb2 18. Qxb2 Ne5 19. Qc3 Bb7 20. Nxd6 Qxd6 21. Qxa5 Bxg2 22. Kxg2 Nxc4 23. Nxc4 Qd5+ 24. Kg1 Qxc4 25. e3 Rf5 26. Qd2 Rd5 27. Qb2 Qa4 28. Qf6 Qd7 29. Qc3 Qa4 30. Qf6 Qd7 31. Qf3 c4 32. Rc1 Qa4 33. Qg4 Kg7 34. Rxc4 Qxa2 35. Rc7+ Kh8 36. e4 Rd4 37. Rb7 Qc4 38. Qf3 Qc1+ 39. Kg2 Qh6 40. Rb8+ 1-0

[Event "Basel op"]
[Site "Basel"]
[Date "2017.01.07"]
[Round "8"]
[White "Kappeler, Kaspar"]
[Black "Beukema, Jasper"]
[Result "0-1"]
[WhiteElo "2241"]
[BlackElo "2182"]
[PlyCount "128"]
[EventDate "2017.01.02"]
[EventType "swiss"]
[EventRounds "9"]
[EventCountry "SUI"]
[SourceTitle "CBM 176 Extra"]
[Source "ChessBase"]
[SourceDate "2017.03.02"]
[SourceVersion "1"]
[SourceVersionDate "2017.03.02"]
[SourceQuality "1"]

1. d4 f5 2. Nf3 e6 3. g3 Nf6 4. Bg2 Be7 5. 0-0 0-0 6. c4 d6 7. Nc3 Ne4 8. Nxe4 fxe4 9. Nd2 d5 10. f3 Nc6 11. fxe4 Rxf1+ 12. Nxf1 dxc4 13. e3 e5 14. Qe2 b5 15. a4 exd4 16. axb5 d3 17. Qh5 Nb4 18. Bd2 Be6 19. Ra4 a5 20. bxa6 c5 21. Bh3 Bf7 22. Qg4 Rxa6 23. Rxa6 Nxa6 24. Bc3 Qf8 25. e5 Nc7 26. Qd7 Qd8 27. e6 Be8 28. Qxd8 Bxd8 29. Nd2 Bg5 30. Nxc4 Bb5 31. b3 Nd5 32. Bd2 Bxc4 33. bxc4 Nxe3 34. Kf2 Nd1+ 35. Ke1 Bxd2+ 36. Kxd2 Nb2 37. Bf1 Nxc4+ 38. Kxd3 Nd6 39. Ke3 Kf8 40. Kf4 Ke7 41. Ke5 c4 42. h4 h6 43. g4 c3 44. Bd3 Nb5 45. Be4 Nc7 46. Kd4 Kxe6 47. Kxc3 Ke5 48. Kd3 Kf4 49. g5 h5 50. Bg6 Kg4 51. Ke4 Kxh4 52. Kf5 Nb5 53. Bh7 Nd4+ 54. Kg6 Ne6 55. Bg8 Nf4+ 56. Kxg7 Kxg5 57. Bc4 h4 58. Bf1 Nd5 59. Bh3 Ne3 60. Kf7 Kf4 61. Kf6 Ng4+ 62. Kg6 Kg3 63. Bf1 Ne3 64. Ba6 h3 0-1

[Event "Basel op"]
[Site "Basel"]
[Date "2017.01.06"]
[Round "6"]
[White "Kappeler, Kaspar"]
[Black "Kopylov, Daniel"]
[Result "1-0"]
[WhiteElo "2241"]
[BlackElo "2003"]
[PlyCount "65"]
[EventDate "2017.01.02"]
[EventType "swiss"]
[EventRounds "9"]
[EventCountry "SUI"]
[SourceTitle "CBM 176 Extra"]
[Source "ChessBase"]
[SourceDate "2017.03.02"]
[SourceVersion "1"]
[SourceVersionDate "2017.03.02"]
[SourceQuality "1"]

1. d4 d5 2. c4 e6 3. Nf3 c6 4. e3 Nf6 5. b3 Nbd7 6. Bb2 Be7 7. Bd3 b6 8. 0-0 Bb7 9. Nc3 0-0 10. Qe2 c5 11. Rad1 h6 12. Bb1 Qc8 13. Ne5 Rd8 14. f4 Nf8 15. h3 Ne4 16. Nxe4 dxe4 17. Qh5 g6 18. Qxh6 Bf6 19. dxc5 Qxc5 20. Bd4 Qc7 21. Ng4 Bxd4 22. Rxd4 Qe7 23. Qg5 Qc7 24. Rfd1 Rxd4 25. Rxd4 f5 26. Ne5 Qg7 27. Bc2 Rc8 28. b4 a5 29. bxa5 bxa5 30. Ba4 Rc5 31. Rd8 Kh7 32. Rxf8 Rxe5 33. Qh4+ 1-0

[Event "Basel op"]
[Site "Basel"]
[Date "2017.01.05"]
[Round "5"]
[White "Kappeler, Kaspar"]
[Black "Kozak, Adam"]
[Result "0-1"]
[WhiteElo "2241"]
[BlackElo "2376"]
[PlyCount "188"]
[EventDate "2017.01.02"]
[EventType "swiss"]
[EventRounds "9"]
[EventCountry "SUI"]
[SourceTitle "CBM 176 Extra"]
[Source "ChessBase"]
[SourceDate "2017.03.02"]
[SourceVersion "1"]
[SourceVersionDate "2017.03.02"]
[SourceQuality "1"]

1. d4 d5 2. c4 c6 3. Nf3 Nf6 4. e3 Bf5 5. Nc3 e6 6. Nh4 Be4 7. f3 Bg6 8. Qb3 Qc7 9. Bd2 Be7 10. g3 Bh5 11. 0-0-0 Nfd7 12. Be2 dxc4 13. Qxc4 Nb6 14. Qb3 N8d7 15. e4 0-0 16. g4 Bxh4 17. gxh5 h6 18. Rhg1 Kh8 19. Rg4 Be7 20. Rdg1 Rg8 21. Bf4 Bd6 22. e5 Nxe5 23. dxe5 Bxe5 24. Bd2 Nd5 25. Qc2 Nf6 26. R4g2 Bxh2 27. Rh1 Be5 28. Kb1 Rad8 29. Qc1 Qb6 30. Bd1 Rd3 31. Ka1 Qd8 32. Bc2 Rxf3 33. Bxh6 Nd5 34. Ne4 Nf4 35. Ng5 Nd3 36. Nxf7+ Rxf7 37. Qe3 Bxb2+ 38. Kb1 Bd4 39. Qxd3 gxh6 40. Rxg8+ Kxg8 41. Qg6+ Bg7 42. Rd1 Qf6 43. Qxf6 Bxf6 44. Bg6 Re7 45. Kc2 Kg7 46. a4 Be5 47. Rd8 Bc7 48. Rc8 Bb6 49. Kd3 Bg1 50. Ke4 c5 51. Ke5 Bh2+ 52. Ke4 b6 53. a5 Rc7 54. Re8 c4 55. axb6 axb6 56. Rxe6 c3 57. Kf3 c2 58. Bxc2 Rxc2 59. Rxb6 Rc5 60. Kg4 Bc7 61. Rg6+ Kh7 62. Ra6 Rg5+ 63. Kh4 Bg3+ 64. Kh3 Bf2 65. Ra2 Rxh5+ 66. Kg4 Rg5+ 67. Kh3 Bd4 68. Ra6 Kg7 69. Rc6 Bf6 70. Ra6 Kg6 71. Ra2 Rb5 72. Rg2+ Bg5 73. Ra2 Rb3+ 74. Kg2 Kf5 75. Ra4 h5 76. Rc4 Bf4 77. Rc5+ Kg4 78. Rc8 Rb2+ 79. Kg1 h4 80. Rg8+ Kf3 81. Kh1 Bg3 82. Rf8+ Kg4 83. Rf1 Bf4 84. Rg1+ Kh3 85. Rg2 Rb8 86. Rg1 Bg3 87. Rg2 Kg4 88. Rg1 h3 89. Ra1 Rb2 90. Rf1 Ra2 91. Rb1 Bf2 92. Rb4+ Kf3 93. Rb3+ Be3 94. Rb1 Kg3 0-1

[Event "Basel op"]
[Site "Basel"]
[Date "2017.01.04"]
[Round "4"]
[White "Benkovic, Petar"]
[Black "Kappeler, Kaspar"]
[Result "1/2-1/2"]
[WhiteElo "2424"]
[BlackElo "2241"]
[PlyCount "45"]
[EventDate "2017.01.02"]
[EventType "swiss"]
[EventRounds "9"]
[EventCountry "SUI"]
[SourceTitle "CBM 176 Extra"]
[Source "ChessBase"]
[SourceDate "2017.03.02"]
[SourceVersion "1"]
[SourceVersionDate "2017.03.02"]
[SourceQuality "1"]

1. Nf3 d5 2. d4 Nf6 3. c4 e6 4. Nc3 Be7 5. cxd5 exd5 6. Bg5 c6 7. e3 Bf5 8. Bd3 Bxd3 9. Bxf6 Bxf6 10. Qxd3 0-0 11. b4 a6 12. 0-0 Be7 13. Rab1 Nd7 14. a4 Nb6 15. Nd2 Bd6 16. a5 Nc8 17. e4 dxe4 18. Ndxe4 Ne7 19. Rfe1 Qc7 20. Nxd6 Qxd6 21. Qg3 Qxg3 22. hxg3 Rfe8 23. Ne4 1/2-1/2

[Event "SUI-chT"]
[Site "Switzerland"]
[Date "2015.10.11"]
[Round "9.4"]
[White "Preissmann, Emmanuel"]
[Black "Kappeler, Kaspar"]
[Result "1-0"]
[WhiteElo "2296"]
[BlackElo "2258"]
[PlyCount "80"]
[EventDate "2015.03.29"]
[EventType "team-tourn"]
[EventRounds "9"]
[EventCountry "SUI"]
[SourceTitle "EXT 2017"]
[Source "ChessBase"]
[SourceDate "2016.10.25"]
[SourceVersion "1"]
[SourceVersionDate "2016.10.25"]
[SourceQuality "1"]
[WhiteTeam "Neuchatel"]
[BlackTeam "Bern Schwarz Weiss"]
[WhiteTeamCountry "SUI"]
[BlackTeamCountry "SUI"]

1. e4 c5 2. c3 d6 3. d4 Nf6 4. Bd3 g6 5. h3 Bg7 6. Nf3 0-0 7. 0-0 d5 8. e5 Ne4 9. Qe2 Bf5 10. g4 Be6 11. c4 Nxf2 12. Rxf2 dxc4 13. Bxc4 Bxc4 14. Qxc4 cxd4 15. Bf4 Nc6 16. Nbd2 Qb6 17. Qb3 Rfd8 18. Rd1 Qc5 19. Ne4 Qd5 20. Qxd5 Rxd5 21. Nc3 Rc5 22. Nxd4 Bxe5 23. Nxc6 bxc6 24. Bxe5 Rxe5 25. Rd7 a5 26. Rfd2 Kg7 27. Rc7 Ra6 28. Kf2 Rb6 29. b3 h5 30. Re2 Rxe2+ 31. Kxe2 hxg4 32. hxg4 e6 33. Ra7 Rb4 34. Kf3 Rd4 35. Ne4 Rd3+ 36. Ke2 Rd5 37. g5 Rb5 38. Kd3 Rf5 39. Ra6 c5 40. Ke3 Rd5 1-0

[Event "SUI-chT"]
[Site "Switzerland"]
[Date "2014.10.11"]
[Round "8.7"]
[White "Pedrini, Pier Paolo"]
[Black "Kappeler, Kaspar"]
[Result "1/2-1/2"]
[WhiteElo "1995"]
[BlackElo "2288"]
[PlyCount "62"]
[EventDate "2014.03.16"]
[EventType "team-tourn"]
[EventRounds "9"]
[EventCountry "SUI"]
[SourceTitle "EXT 2015"]
[Source "ChessBase"]
[SourceDate "2014.11.20"]
[SourceVersion "1"]
[SourceVersionDate "2014.11.20"]
[SourceQuality "1"]
[WhiteTeam "Mendrisio"]
[BlackTeam "Bern Schwarz Weiss"]
[WhiteTeamCountry "SUI"]
[BlackTeamCountry "SUI"]

1. d4 Nf6 2. c4 e6 3. Nc3 Bb4 4. e3 c5 5. Bd3 d5 6. Nge2 cxd4 7. exd4 dxc4 8. Bxc4 0-0 9. 0-0 Nbd7 10. Bb3 b6 11. Bg5 Be7 12. Re1 Bb7 13. Ng3 Re8 14. Qe2 Rc8 15. Rad1 Qc7 16. Rc1 Qb8 17. a3 Nd5 18. Bxe7 Nxc3 19. bxc3 Rxe7 20. Nh5 Qd6 21. Qg4 g6 22. Qg5 Ree8 23. Re3 Qe7 24. Qg3 Kh8 25. Nf4 Qxa3 26. Rb1 a5 27. Bc2 Qa2 28. Re2 Qc4 29. Re3 Qa2 30. Re2 Qc4 31. Re3 Qa2 1/2-1/2

[Event "SUI-ch HT"]
[Site "Bern"]
[Date "2014.10.04"]
[Round "9"]
[White "Kappeler, Kaspar"]
[Black "De Seroux, Camille"]
[Result "1-0"]
[WhiteElo "2271"]
[BlackElo "2115"]
[PlyCount "113"]
[EventDate "2014.09.27"]
[EventType "swiss"]
[EventRounds "9"]
[EventCountry "SUI"]
[SourceTitle "EXT 2016"]
[Source "ChessBase"]
[SourceDate "2015.10.08"]
[SourceVersion "1"]
[SourceVersionDate "2015.10.08"]
[SourceQuality "1"]

1. c4 Nf6 2. Nc3 g6 3. d4 Bg7 4. e4 d6 5. Nf3 0-0 6. Be2 e5 7. 0-0 Nc6 8. d5 Ne7 9. b4 Nh5 10. Re1 f5 11. Ng5 Nf6 12. Bf3 c6 13. Bb2 cxd5 14. cxd5 fxe4 15. Bxe4 Qb6 16. Qe2 Qxb4 17. Rab1 a6 18. Ba1 Qa5 19. Ne6 Bxe6 20. dxe6 Nxe4 21. Nxe4 Qd5 22. Red1 Qxe6 23. Rxd6 Qc8 24. Rdb6 Rb8 25. Nd6 Qc7 26. Bxe5 Rxf2 27. Kxf2 Qc5+ 28. Ke1 Bxe5 29. Qc4+ Qxc4 30. Nxc4 Bxh2 31. Rxb7 Re8 32. Rd7 Nf5+ 33. Kd2 Bf4+ 34. Kd3 Nh4 35. g4 Ng2 36. Rbb7 Ne1+ 37. Kc3 h5 38. gxh5 gxh5 39. Rg7+ Kh8 40. Rh7+ Kg8 41. Rbg7+ Kf8 42. Ra7 Kg8 43. Rxh5 Rd8 44. Rxa6 Rd3+ 45. Kb4 Nc2+ 46. Kc5 Bg3 47. Rf5 Rc3 48. Re6 Kg7 49. a4 Bb8 50. Re7+ Kg6 51. Rf1 Kg5 52. a5 Bf4 53. Rg7+ Kh6 54. Rg2 Rxc4+ 55. Kxc4 Ne3+ 56. Kb5 Nxg2 57. Rf2 1-0

[Event "SUI-ch HT"]
[Site "Bern"]
[Date "2014.09.30"]
[Round "5"]
[White "Papa, Severin"]
[Black "Kappeler, Kaspar"]
[Result "1-0"]
[WhiteElo "2395"]
[BlackElo "2271"]
[PlyCount "101"]
[EventDate "2014.09.27"]
[EventType "swiss"]
[EventRounds "9"]
[EventCountry "SUI"]
[SourceTitle "EXT 2016"]
[Source "ChessBase"]
[SourceDate "2015.10.08"]
[SourceVersion "1"]
[SourceVersionDate "2015.10.08"]
[SourceQuality "1"]

1. b3 Nf6 2. Bb2 d5 3. e3 Bf5 4. Nf3 e6 5. Be2 h6 6. c4 Be7 7. 0-0 0-0 8. Nc3 c6 9. Rc1 Bh7 10. a3 Nbd7 11. d4 Bd6 12. b4 Qe7 13. Nd2 e5 14. dxe5 Nxe5 15. cxd5 cxd5 16. Nf3 Rad8 17. Nb5 Nxf3+ 18. Bxf3 Bb8 19. Nd4 h5 20. Ne2 h4 21. Nf4 Be4 22. Nh5 Nxh5 23. Bxe4 Qd6 24. f4 Nxf4 25. Rxf4 dxe4 26. Qh5 Qg6 27. Rg4 Qxh5 28. Rxg7+ Kh8 29. Rg5+ Kh7 30. Rxh5+ Kg6 31. Rxh4 f5 32. Bd4 Bd6 33. g3 a6 34. Rc2 Rfe8 35. Rf2 Rf8 36. Kg2 Be7 37. Rh3 Bg5 38. Rc2 Bh6 39. Rc7 Rc8 40. Rxb7 Rc2+ 41. Kf1 Rfc8 42. Rb6+ R8c6 43. Rxc6+ Rxc6 44. Bc5 Rc8 45. Ke2 Rd8 46. Bd4 Rd7 47. Rh4 Rd8 48. a4 Rd5 49. g4 f4 50. Rh5 f3+ 51. Kf2 1-0